Innovation for development and the role of government : (Record no. 15398)

000 -LEADER
fixed length control field 00981cam a2200265 a 4500
020 ## - INTERNATIONAL STANDARD BOOK NUMBER
ISBN 9780821376720
020 ## - INTERNATIONAL STANDARD BOOK NUMBER
ISBN 0821376721
020 ## - INTERNATIONAL STANDARD BOOK NUMBER
ISBN 9780821376737 (electronic)
020 ## - INTERNATIONAL STANDARD BOOK NUMBER
ISBN 082137673X (electronic)
040 ## - CATALOGING SOURCE
Transcribing agency DLC
082 00 - DEWEY DECIMAL CLASSIFICATION NUMBER
Classification number 338 WOR 2009 A076 Or.
245 10 - TITLE STATEMENT
Title Innovation for development and the role of government :
Remainder of title a perspective from the East Asia and Pacific region /
260 ## - PUBLICATION, DISTRIBUTION, ETC. (IMPRINT)
Place of publication Washington, DC :
Name of publisher World Bank,
Year of publication c2009.
300 ## - PHYSICAL DESCRIPTION
Number of Pages xix, 204 p. :
Other physical details ill. ;
Dimensions 24 cm.
500 ## - GENERAL NOTE
General note Based on proceedings of the Innovation for Development Forum, held in Shanghai, China on Sept. 21-22, 2006.
650 #0 - SUBJECT ADDED ENTRY--TOPICAL TERM
Topical Term Economic development
650 #0 - SUBJECT ADDED ENTRY--TOPICAL TERM
Topical Term Technological innovations
650 #0 - SUBJECT ADDED ENTRY--TOPICAL TERM
Topical Term Finance
650 #0 - SUBJECT ADDED ENTRY--TOPICAL TERM
Topical Term Competition
650 #0 - SUBJECT ADDED ENTRY--TOPICAL TERM
Topical Term Technological innovations
700 1# - ADDED ENTRY--PERSONAL NAME
Personal name Fan, Qimiao.
710 2# - ADDED ENTRY--CORPORATE NAME
Corporate name or jurisdiction name as entry element Alternative Fuels Data Center (National Renewable Energy Laboratory)
856 41 - ELECTRONIC LOCATION AND ACCESS
Uniform Resource Identifier http://www.loc.gov/catdir/toc/ecip0826/2008037351.html
942 ## - ADDED ENTRY ELEMENTS (KOHA)
Koha item type សៀវភៅភាសាអង់គ្លេស
952 ## - LOCATION AND ITEM INFORMATION (KOHA)
Withdrawn status [LOCAL, KOHA] 0
Holdings
Permanent Location Date acquired Koha item type Lost status Shelving location Barcode Current Location Full call number
Library Block A2017-11-20សៀវភៅភាសាអង់គ្លេស A076A08398Library Block A338 WOR 2009 A076 Or.
មជ្ឈមណ្ឌលឯការនៃសាកលវិទ្យាល័យភូមិន្ទកសិកម្មចំការដូង

Powered by Koha